| 000 | 00505nam a2200181Ia 4500 | ||
|---|---|---|---|
| 003 | LDD | ||
| 008 | 190117s9999 xx 000 0 und d | ||
| 020 | _c₹20 | ||
| 040 | _cLDD | ||
| 041 | _ahi | ||
| 082 | _a303.61 य6925गां | ||
| 100 | _aयशपाल | ||
| 245 | 0 |
_aगांधीवाद की शव परीक्षा _cयशपाल |
|
| 250 | _a8 सं. | ||
| 260 |
_aइलाहाबाद _bलोकभारती _c1982 |
||
| 300 | _a189प्र. | ||
| 942 |
_2ddc _cH |
||
| 999 |
_c167581 _d167581 |
||